000 00876nam a2200229 a 4500
001 000007340
005 20200929154135.0
008 090908s1994 dr ad 001 0 spa d
040 _aDO-SdBNP
_bspa
_cBNPHU
082 _a616.132
_bB333h
100 1 _aBatista del Villar, Guarocuya
_920408
245 1 0 _aHipertensión arterial sistémica :
_bdiagnóstico, manejo y prevención /
_cGuarocuya Batista del Villar.
260 _aSanto Domingo :
_bAmigo del Hogar,
_c1994.
300 _axxiv, 204 p. :
_bil., diagr. ;
_c28 cm.
500 _aIncluye índices
504 _aIncluye referencias bibliográficas y notas al pie de las páginas
504 _aBibliografías : p. 196-201
650 4 _aHipertensión
_xDiagnótico
_920409
650 4 _aEnfermedades cardíacas
_xPrevención y control
_920410
650 4 _aElectrocardiografía
_93560
650 4 _aPresión sanguínea
_920411
999 _c7121
_d7121